Violencia y discriminación psico-social y lingüística: ¿qué hubiese sucedido si en vez de ser tres reyes magos hubiesen sido tres reinas magas? /
El propósito de este texto es revisar la violencia psico-social y linguística que se da hacia las mujeres que tiene lugar hoy en nuestras sociedades latinoamericanas. Se habla entonces de una violencia simbólica a través del uso del lenguaje y la creación del discurso, que apenas es percibida y meno...
Gorde:
| Egile nagusia: | |
|---|---|
| Formatua: | Texto |
| Gaiak: | |
| Etiketak: |
Etiketa erantsi
Etiketarik gabe, Izan zaitez lehena erregistro honi etiketa jartzen!
|
MARC
| LEADER | 00000 a a2200000 04500 | ||
|---|---|---|---|
| 001 | 43360 | ||
| 003 | |||
| 040 | |||
| 100 | |a Fernández Poncela, Ana María | ||
| 245 | |a Violencia y discriminación psico-social y lingüística: |b ¿qué hubiese sucedido si en vez de ser tres reyes magos hubiesen sido tres reinas magas? / |c Ana María Fernández Poncela | ||
| 500 | |a fpam1731@correo.xoc.uam.mx | ||
| 520 | |a El propósito de este texto es revisar la violencia psico-social y linguística que se da hacia las mujeres que tiene lugar hoy en nuestras sociedades latinoamericanas. Se habla entonces de una violencia simbólica a través del uso del lenguaje y la creación del discurso, que apenas es percibida y menos señalada. En síntesis, se habla de una violencia simbólica que en algunos espacios y medios, como los chistes, se ha hecho extensiva de manera amplia y usual hacia los hombres. | ||
| 590 | |a RRH/OCTUBRE2012 | ||
| 650 | |a 1.VIOLENCIA | ||
| 650 | |a 2.GENERO | ||
| 650 | |a 3.MEDIOS DE COMUNICACION | ||
| 650 | |a 4.LENGUAJE | ||
| 650 | |a 5.DISCRIMINACION | ||
| 773 | |g volumen20, número3 ( , 2011), páginas 409-426 | ||
| 999 | |c 31903 |d 31903 | ||
